| 000 | 00856nam a2200253Ia 4500 | ||
|---|---|---|---|
| 003 | GCL | ||
| 008 | 140319s9999 xx 000 0 ara d | ||
| 020 | _a3257600977 | ||
| 040 |
_aGCL / _cGCL |
||
| 082 | 0 | 4 |
_a823 _bد ج |
| 100 | 1 | _aداريل، لورانس | |
| 245 | 1 | 0 |
_aجوستين / _cداريل، لورانس |
| 250 | _aالاولى | ||
| 260 |
_aالكويت : _bدار سعاد الصباح ، _c1992 |
||
| 300 |
_a288 ص ؛ _c18 سم |
||
| 490 | _a | ||
| 650 | 0 | 4 | _aالادب العربى |
| 650 | 0 | 4 | _aالقصص الانجليزية المترجمة |
| 650 | 0 | 4 | _aالشعر العربى - تاريخ ونقد |
| 650 | 0 | 4 | _aالادب الانجليزى المترجم |
| 650 | 0 | 4 | _aالشعر العربى - تاريخ |
| 650 | 0 | 4 | _aالشعر العربى - تاريخ ونقد - العصر الجاهلى |
| 942 |
_2ddc _cBK |
||
| 999 |
_c39406 _d39406 |
||